Finančný manažment
Salvato in:
| Autore principale: | |
|---|---|
| Ente Autore: | |
| Altri autori: | |
| Natura: | Libro |
| Lingua: | slovacco |
| Pubblicazione: |
Bratislava
Iura Edition
2006
|
| Edizione: | 2. preprac. a dopln. vyd. |
| Serie: | Ekonómia
|
| Soggetti: | |
| Tags: |
Nessun Tag, puoi essere il primo ad aggiungerne!!
|
MARC
| LEADER | 00000nam$a2200000$$$4500 | ||
|---|---|---|---|
| 001 | 0054209 | ||
| 005 | 20240502071627.8 | ||
| 020 | |a 80-8078-042-0 | ||
| 041 | 0 | |a slo | |
| 044 | |a SK | ||
| 245 | 1 | 0 | |a Finančný manažment |c Jozef Kráľovič, Karol Vlachynský |
| 250 | |a 2. preprac. a dopln. vyd. | ||
| 264 | 1 | |a Bratislava |b Iura Edition |c 2006 | |
| 300 | |a 455 s. | ||
| 490 | 1 | |a Ekonómia | |
| 830 | 0 | |a Ekonómia | |
| 610 | 2 | 0 | |a manažment finančný |
| 610 | 2 | 0 | |a riadenie finančné |
| 610 | 2 | 0 | |a riadenie podnikové |
| 610 | 2 | 0 | |a prostredie ekonomické |
| 610 | 2 | 0 | |a analýza finančná |
| 610 | 2 | 0 | |a plánovanie finančné |
| 610 | 2 | 0 | |a plánovanie podnikové |
| 610 | 2 | 0 | |a zdroje finančné |
| 610 | 2 | 0 | |a štruktúra podniku finančná |
| 610 | 2 | 0 | |a kapitál podnikový |
| 610 | 2 | 0 | |a majetok dlhodobý |
| 610 | 2 | 0 | |a majetok podnikový |
| 610 | 2 | 0 | |a investície finančné |
| 610 | 2 | 0 | |a riziko finančné |
| 610 | 2 | 0 | |a dividendy |
| 610 | 2 | 0 | |a styk platobný |
| 610 | 2 | 0 | |a vzťahy hospodárske medzinárodné |
| 610 | 2 | 0 | |a fúzie |
| 100 | 1 | |a Kráľovič, Jozef | |
| 700 | 1 | |a Vlachynský, Karol | |
| 710 | 2 | |a Ekonomická univerzita v Bratislave | |